Central banks and price stability (Registro nro. 30374)

Detalles MARC
000 -LEADER
fixed length control field 00326 a2200109 4500
001 - CONTROL NUMBER
control field ART_28127
005 - DATE AND TIME OF LATEST TRANSACTION
control field 20260410161951.0
008 - FIXED-LENGTH DATA ELEMENTS--GENERAL INFORMATION
fixed length control field 260409a
100 1# - MAIN ENTRY--PERSONAL NAME
Personal name Blejer, Mario I.
245 10 - TITLE STATEMENT
Title Central banks and price stability
773 0# - HOST ITEM ENTRY
Title Journal of applied economics
Related parts - Vol. 1, Nº 1 (nov. 1998)
Record control number REV28044

No hay ítems disponibles.